| 000 | 00891cam6a220025300 4500 | ||
|---|---|---|---|
| 001 | lce00162523 | ||
| 008 | 760317s1975 sw b 000 0 eng | ||
| 010 | _a 76352809 | ||
| 015 | _aS*** | ||
| 035 | _a(Sirsi) r113883 | ||
| 035 | _a(DLC) 76352809 | ||
| 035 | _a(UPRA)lce00162523 | ||
| 043 | _ae-sw--- | ||
| 050 | 0 |
_aLB5 _b.D5 no. 48 _aLB1564.S9 |
|
| 100 | 1 |
_aFredriksson, Lennart. _6A76266.1 |
|
| 245 | 1 | 0 |
_aLifelong learning in Swedish curricula / _cLennart Fredriksson & Kurt Gestrelius. |
| 260 |
_aMalmo : _bSchool of Education, _c1975. |
||
| 440 | 0 |
_x0046-0230 ; v20.1..1.6 _6S11973.1 |
|
| 504 | _aBibliography: leaves 127-128. | ||
| 650 | 0 |
_aEducation -- Sweden -- Curricula. _zEducation -- Sweden -- Curricula. _xEducation -- Sweden -- Curricula. _6S56697.1 |
|
| 700 | 1 |
_aGestrelius, Kurt. _6A76267.1 |
|
| 949 |
_aLB5 _wlcc _i-163347 _mMAIN _tBOOK _lON-SHELF |
||
| 004 | 113883 | ||
| 999 |
_c191541 _d191541 |
||